Leisure reading habits and interests of adolescents between the ages of fourteen and fifteen, from two comprehensive schools in Cardiff /
محفوظ في:
| المؤلف الرئيسي: | |
|---|---|
| التنسيق: | أطروحة كتاب |
| اللغة: | English |
| منشور في: |
1977.
|
| الموضوعات: | |
| الوسوم: |
إضافة وسم
لا توجد وسوم, كن أول من يضع وسما على هذه التسجيلة!
|
| LEADER | 01144cam a2200289 a 4500 | ||
|---|---|---|---|
| 001 | u144577 | ||
| 003 | SIRSI | ||
| 008 | 920303s1977 my v 00 1 eng | ||
| 035 | |a AAQ-8516 | ||
| 040 | |a UMM | ||
| 043 | |a a-my--- | ||
| 050 | 0 | 0 | |a Z1003.5 |
| 090 | |a Z1003.5 |b M4Zaian | ||
| 100 | 0 | 0 | |a Zainab Awang Ngah. |
| 245 | 1 | 0 | |a Leisure reading habits and interests of adolescents between the ages of fourteen and fifteen, from two comprehensive schools in Cardiff / |c by Zainab Awang Ngah. |
| 260 | |c 1977. | ||
| 270 | |a Universiti Malaya. Fakulti Sains Komputer dan Teknologi Maklumat. Jabatan Sains Maklumat. | ||
| 300 | |a ii, 139 leaves : |b ill. ; |c 29 cm. | ||
| 502 | |a Dissertation (M.A.) -- University College, Cardiff, Wales, 1977. | ||
| 504 | |a Bibliography: leaves 136-139. | ||
| 650 | 0 | |a Reading interests |z Great Britain |z Cardiff. | |
| 650 | 0 | |a Books and reading for youth |z Great Britain |z Cardiff. | |
| 650 | 0 | |a Readership surveys |z Great Britain |z Cardiff. | |
| 900 | |a nik | ||
| 948 | |a 09/03/1992 |b 25/11/2000 | ||
| 596 | |a 1 | ||
| 999 | |a F Z1003.5 M4ZAIAN |w LC |c 1 |i A011067302 |d 28/1/2009 |e 28/1/2009 |l STACKS |m P01UTAMA |n 20 |r Y |s Y |t TESIS |u 9/3/1992 | ||
